000 00810nam a2200229Ia 4500
003 GCL
008 140319s9999 xx 000 0 ara d
040 _aGCL /
_cGCL
082 0 4 _a219.1
_bز ا
100 1 _aمحمد ابراهيم الحفناوى
245 1 0 _aاماه عودى الينا /
_cمحمد ابراهيم الحفناوى
700 1 _aزينب عبدالسلام ابوالفضل
300 _a159 ص
490 _aالهيئة العامة للاستعلامات
_v0
650 0 4 _aالاسلام
650 0 4 _aالمرأة العاملة
650 0 4 _aالمرأة المسلمة
650 0 4 _aعمل المراة
650 0 4 _aالاسلام وقضايا الاصلاح السياسى
650 0 4 _aالاسلام وقضاياالاصلاح الاجتماعى
942 _2ddc
_cBK
999 _c49622
_d49622